<?xml version="1.0" encoding="UTF-8"?><?xml-stylesheet type="text/xsl" href="static/style.xsl"?><OAI-PMH xmlns="http://www.openarchives.org/OAI/2.0/" xmlns:xsi="http://www.w3.org/2001/XMLSchema-instance" xsi:schemaLocation="http://www.openarchives.org/OAI/2.0/ http://www.openarchives.org/OAI/2.0/OAI-PMH.xsd"><responseDate>2026-05-17T01:16:05Z</responseDate><request verb="GetRecord" identifier="oai:repisalud.isciii.es:20.500.12105/25512" metadataPrefix="marc">https://repisalud.isciii.es/rest/oai/request</request><GetRecord><record><header><identifier>oai:repisalud.isciii.es:20.500.12105/25512</identifier><datestamp>2025-12-18T12:53:45Z</datestamp><setSpec>com_20.500.12105_2052</setSpec><setSpec>com_20.500.12105_2051</setSpec><setSpec>col_20.500.12105_19613</setSpec></header><metadata><record xmlns="http://www.loc.gov/MARC21/slim" xmlns:dcterms="http://purl.org/dc/terms/" xmlns:doc="http://www.lyncode.com/xoai" xmlns:xsi="http://www.w3.org/2001/XMLSchema-instance" xsi:schemaLocation="http://www.loc.gov/MARC21/slim http://www.loc.gov/standards/marcxml/schema/MARC21slim.xsd">
   <leader>00925njm 22002777a 4500</leader>
   <datafield ind2=" " ind1=" " tag="042">
      <subfield code="a">dc</subfield>
   </datafield>
   <datafield ind2=" " ind1=" " tag="720">
      <subfield code="a">Cuerdo Vilches, Teresa</subfield>
      <subfield code="e">author</subfield>
   </datafield>
   <datafield ind2=" " ind1=" " tag="720">
      <subfield code="a">Navas-Martin, Miguel Angel</subfield>
      <subfield code="e">author</subfield>
   </datafield>
   <datafield ind2=" " ind1=" " tag="260">
      <subfield code="c">2020-12-30</subfield>
   </datafield>
   <datafield ind2=" " ind1=" " tag="520">
      <subfield code="a">[ES] La pandemia por coronavirus ha llevado a los países a confinar a la población para minimizar el impacto de la COVID-19. Esta medida ha conllevado que los hogares compartiesen de forma permanente y continuada el espacio doméstico, durante el periodo de vigencia de la medida de salud pública. La forma de vivir la experiencia ha sido muy diferente según las características socioeconómicas de la población, así como de la composición del hogar, afectando a la forma de adaptar sus hábitos, rutinas y ocupaciones. Para las personas mayores, las circunstancias particulares, como la mayor tendencia a vivir en soledad, o la situación laboral, ha condicionado la forma de experimentar esta situación. Los hallazgos muestran cierto estatus y estabilidad, que afecta a distintos ámbitos vitales. Esto se reflejó en las cualidades y satisfacción con la vivienda, en cierto mantenimiento de hábitos y rutinas, y en y la cautela generalizada a la hora de salir a la calle. [EN] The coronavirus pandemic has led countries to confine the population to minimize the impact of COVID-19. This measure has meant that households permanently and continuously shared the domestic space, during the validity period of the public health measure. The way of living the experience has been very different according to the socioeconomic characteristics of the population, as well as the composition of the household, affecting the way of adapting their habits, routines and occupations. For older people, particular circumstances, such as the greater tendency to live in solitude, or the work situation, has conditioned the way of experiencing this situation. The findings show a certain status and stability, which affects different areas of life. This was reflected in the qualities and satisfaction with the home, in certain maintenance of habits and routines, and in general caution when going outside.</subfield>
   </datafield>
   <datafield ind1="8" ind2=" " tag="024">
      <subfield code="a">WPS Review International on Sustainable Housing and Urban Renewal.2020; (9-10):66-82.</subfield>
   </datafield>
   <datafield ind1="8" ind2=" " tag="024">
      <subfield code="a">10.24310/wps.vi9-10.14561</subfield>
   </datafield>
   <datafield ind1="8" ind2=" " tag="024">
      <subfield code="a">2387-1768</subfield>
   </datafield>
   <datafield ind1="8" ind2=" " tag="024">
      <subfield code="a">WPS Review International on Sustainable Housing and Urban Renewal</subfield>
   </datafield>
   <datafield ind1="8" ind2=" " tag="024">
      <subfield code="a">https://hdl.handle.net/20.500.12105/25512</subfield>
   </datafield>
   <datafield tag="653" ind2=" " ind1=" ">
      <subfield code="a">Coronavirus</subfield>
   </datafield>
   <datafield tag="653" ind2=" " ind1=" ">
      <subfield code="a">Casa</subfield>
   </datafield>
   <datafield tag="653" ind2=" " ind1=" ">
      <subfield code="a">Encuesta</subfield>
   </datafield>
   <datafield tag="653" ind2=" " ind1=" ">
      <subfield code="a">Hogar</subfield>
   </datafield>
   <datafield tag="653" ind2=" " ind1=" ">
      <subfield code="a">Convivientes</subfield>
   </datafield>
   <datafield tag="653" ind2=" " ind1=" ">
      <subfield code="a">Coronavirus</subfield>
   </datafield>
   <datafield tag="653" ind2=" " ind1=" ">
      <subfield code="a">Dwelling</subfield>
   </datafield>
   <datafield tag="653" ind2=" " ind1=" ">
      <subfield code="a">Survey</subfield>
   </datafield>
   <datafield tag="653" ind2=" " ind1=" ">
      <subfield code="a">Home</subfield>
   </datafield>
   <datafield tag="653" ind2=" " ind1=" ">
      <subfield code="a">Household</subfield>
   </datafield>
   <datafield ind2="0" ind1="0" tag="245">
      <subfield code="a">Indicadores de satisfacción y hábitos de ocupación de los mayores españoles en sus viviendas durante el confinamiento Covid-19</subfield>
   </datafield>
</record></metadata></record></GetRecord></OAI-PMH>